000 00831nam a2200265Ia 4500
003 OSt
005 20220928113621.0
006 a|||||r|||| 00| 0
007 ta
008 220927b |||||||| |||| 00| 0 eng d
020 _cUKP 46.99
024 _a139344
037 _b47, 18/01/2019, Classic Book Service
_cTextual
040 _aSDCL
_cSDCL
_beng
041 _2eng
_aeng
082 _a4(Y), Q6
100 _aZavattaro Staci M. Ed.
_9434081
245 0 _aSocial media for government
_b Theory and practice
260 _aNew York
_b Routledge
_c2016
300 _avii,229p.
_ccm.
650 _aPolitical Science
700 _a Bryer Thomas A. Ed.
_9434082
942 _h4(Y), Q6
_cTEXL
_2CC
999 _c750465
_d750465